| 000 | 00681nam a2200181 u 4500 | ||
|---|---|---|---|
| 001 | 000285175 | ||
| 003 | AM-YeHGA | ||
| 005 | 20250618071854.0 | ||
| 008 | 031118s1964 ai r 000 0 arm d | ||
| 040 | _aAM-YeHGA | ||
| 041 | 0 | _aarm | |
| 100 | 1 |
_aՔոչարյան, Մելիք Թադևոսի, _d1911-1992 _91302 |
|
| 245 | 1 | 0 |
_aՄենք նոր պիտի ապրենք : _bՊիեսների ժողովածու / _cՄ.Թ. Քոչարյան; Խմբ.՝ Աշ.Ղ. Լուսենց. |
| 260 |
_aԵրևան : _bՀայպետհրատ, _c1964. |
||
| 300 |
_a246 էջ : _b1 թ. դիմանկ. ; _c21 սմ. |
||
| 650 | 1 | 4 |
_aՀայ գրականություն _xԹատերգություն |
| 090 | _c105819 | ||
| 999 |
_c104498 _d104498 |
||